000 00679nam a2200241Ia 4500
003 OSt
005 20221006155835.0
006 a|||||r|||| 00| 0
007 ta
008 221006b |||||||| |||| 00| 0 eng d
024 _a43,651
037 _cSeries Articles
040 _aEASL
_cEASL
_beng
041 _2eng
_aeng
100 _aPare Shvetal Vyas
_9670575
245 0 _aWriting fiction, living history
_b Kanhaiyalal munish's historical trilogy
260 _aCambridge
_bCambridge University Press UK
_c2014
300 _a596-617
_ccm.
490 _v48
650 _aAsian Studies
942 _cREF
_2CC
999 _c1111737
_d1111737